00000000cam 2200000zi 4500
0019.955767
003CaOODSP
00520260604122946
006m     o  d f      
007cr cn ||||||||
008250925e202510  oncd    ob   f000 0 fre d
020 |a9780660791210
040 |aCaOODSP|bfre|erda|cCaOODSP
043 |an-cn---
0861 |aT94-99/2025F-PDF
24500|aAudit des pratiques exemplaires du ministère du Logement, des Infrastructures et des Collectivités.
264 1|a[Ottawa] : |bLogement, infrastructures et collectivités Canada = Housing, Infrastructure and Communities Canada, |coctobre 2025.
300 |a1 ressource en ligne (21 pages) : |bgraphiques
336 |atexte|btxt|2rdacontent/fre
337 |ainformatique|bc|2rdamedia/fre
338 |aressource en ligne|bcr|2rdacarrier/fre
500 |aPublié aussi en anglais sous le titre : Audit of Housing, Infrastructure and Communities Canada's (HICC) procurement practices.
504 |aComprend des références bibliographiques.
61016|aCanada. |bLogement, infrastructures et collectivités Canada|xAudit.
650 6|aApprovisionnement public|zCanada|xGestion|xAudit.
7101 |aCanada. |bLogement, infrastructures et collectivités Canada, |eorganisme de publication.
77508|tAudit of Housing, Infrastructure and Communities Canada's (HICC) procurement practices.|w(CaOODSP)9.955766
85640|qPDF|s474 Ko|uhttps://publications.gc.ca/collections/collection_2026/licc-hicc/T94-99-2025-fra.pdf
8564 |qHTML|sS.O.|uhttps://logement-infrastructure.canada.ca/pd-dp/ia-vi/2025/hicc-audit-procurement-practices-pratiques-achat-licc-2025-fra.html